[Event "Frankfurt Ch 2012"]
[Site "Ffm-Kalbach, LAZ"]
[Date "2012.05.31"]
[Round "4.1"]
[White "Telljohann, Sven"]
[Black "Khenkin, Igor"]
[Result "1/2-1/2"]
[WhiteElo "2391"]
[BlackElo "2675"]
[PlyCount "0"]
[EventDate "2012.??.??"]
[WhiteTeam "Sfr. Schöneck"]
[BlackTeam "Wiesbadener SV 1885"]

{Nachholpartie der 4.Runde} 1. Nf3 d5 2. g3 c5 3.
Bg2 Nc6 4. O-O e5 5. d3 Nf6 6. c3 h6 7. a3 Be6 8. b4 e4 9. Nfd2 exd3 10. exd3
Bd6 11. Nb3 c4 12. dxc4 dxc4 13. Nd4 Nxd4 14. cxd4 O-O 15. Bxb7 Rb8 16. Bg2 a5
17. bxa5 Qxa5 18. Bd2 Qb6 19. Nc3 Qxd4 20. Bf4 1/2-1/2

[Event "Frankfurt Ch 2012"]
[Site "Ffm-Kalbach, LAZ"]
[Date "2012.05.21"]
[Round "4.2"]
[White "Uwira, Oliver"]
[Black "Zude, Erik"]
[Result "1-0"]
[WhiteElo "2172"]
[BlackElo "2340"]
[PlyCount "63"]
[EventDate "2012.??.??"]
[WhiteTeam "SC 1961 König Nied"]
[BlackTeam "SV 1920 Hofheim"]

1. d4 Nf6 2. c4 g6 3. Nc3 Bg7 4. e4 d6 5. f3 O-O 6. Be3 e5 7. d5 Nh5 8. Qd2
Qh4+ 9. g3 Nxg3 10. Qf2 Nxf1 11. Qxh4 Nxe3 12. Kf2 Nxc4 13. b3 Nb6 14. Nb5 Na6
15. Ne2 Bd7 16. Na3 Nc5 17. Kg2 c6 18. b4 Nd3 19. dxc6 Bxc6 20. b5 Bd7 21. Rad1
Nc5 22. Rxd6 Rfc8 23. Rhd1 Rc7 24. Nc3 Ne6 25. Na4 Bf8 26. Nxb6 axb6 27. Rxd7
Rxd7 28. Rxd7 Nc5 29. Rd8 Rxa3 30. Qf6 Rxa2+ 31. Kg3 Rb2 32. Rxf8+ 1-0

[Event "Frankfurt Ch 2012"]
[Site "Ffm-Kalbach, LAZ"]
[Date "2012.05.21"]
[Round "4.3"]
[White "Reschke, Stefan"]
[Black "Stockmann, Michael"]
[Result "1-0"]
[WhiteElo "2329"]
[BlackElo "2235"]
[PlyCount "115"]
[EventDate "2012.??.??"]
[WhiteTeam "VSG 1880 Offenbach"]
[BlackTeam "Sfr. Schöneck"]

1. Nf3 d5 2. b3 Nf6 3. Bb2 e6 4. c4 c5 5. g3 Nc6 6. Bg2 d4 7. e3 e5 8. exd4
exd4 9. O-O Be7 10. Na3 O-O 11. Nc2 a5 12. Re1 Bd6 13. d3 h6 14. a3 Qb6 15. Rb1
Rd8 16. Qd2 Bf8 17. Nh4 g5 18. Nf3 Qc7 19. Bc1 Ra6 20. Nxg5 hxg5 21. Qxg5+ Bg7
22. Qxc5 Nd7 23. Qh5 Nf6 24. Qg5 Qd7 25. b4 axb4 26. axb4 Ra2 27. Rb2 Rxb2 28.
Bxb2 Re8 29. Qd2 Rxe1+ 30. Nxe1 Ng4 31. h3 Bh6 32. Qe2 Nf6 33. Nc2 Qe6 34. Qxe6
fxe6 35. b5 Na5 36. Bxd4 Kf7 37. f4 Bf8 38. Kf2 Nb3 39. Be3 Nd7 40. Ke2 e5 41.
fxe5 Nxe5 42. g4 Be7 43. Bd5+ Be6 44. Bxb7 Nxc4 45. dxc4 Bxc4+ 46. Kf3 Na5 47.
Ba6 Nc6 48. bxc6 Bxa6 49. Nd4 Bd6 50. h4 Bc7 51. h5 Bc4 52. Ke4 Bf1 53. Kd5
Bg2+ 54. Kc5 Ke7 55. Bg5+ Kf7 56. Be3 Ke7 57. Nb5 Ba5 58. g5 1-0

[Event "Frankfurt Ch 2012"]
[Site "Ffm-Kalbach, LAZ"]
[Date "2012.05.21"]
[Round "4.4"]
[White "Isserman, Ryhor"]
[Black "Koch, Markus"]
[Result "1-0"]
[WhiteElo "2274"]
[BlackElo "2154"]
[PlyCount "99"]
[EventDate "2012.??.??"]
[WhiteTeam "SK Bad Homburg 1927"]
[BlackTeam "SC Brett vor'm Kopp Ffm"]

1. e4 c5 2. Nc3 d6 3. Nge2 e6 4. g3 Nc6 5. Bg2 g6 6. d4 cxd4 7. Nxd4 a6 8. O-O
Bg7 9. Be3 Nge7 10. Nxc6 bxc6 11. Qd2 Bb7 12. Rad1 Nc8 13. Bc5 O-O 14. e5 Bxe5
15. Ne4 d5 16. Bxf8 Qxf8 17. f4 Bg7 18. Nf2 Nd6 19. Nd3 Bd4+ 20. Nf2 Bxb2 21.
Qb4 Bg7 22. Kh1 a5 23. Qb6 Qd8 24. Qxd8+ Rxd8 25. Rb1 Ba6 26. Rfd1 Bc4 27. a4
Nf5 28. Bf1 Ba2 29. Rb7 Ne3 30. Re1 d4 31. Bd3 f5 32. c4 Nxc4 33. Re2 Nd6 34.
Rxg7+ Kxg7 35. Rxa2 c5 36. Rc2 Rc8 37. Bc4 Kf6 38. Nd3 Ne4 39. Rb2 Rd8 40. Kg2
g5 41. fxg5+ Nxg5 42. Nxc5 Rc8 43. Nd7+ Ke7 44. Ne5 Kd6 45. Rb5 Rc5 46. Rxc5
Kxc5 47. h4 Kd6 48. hxg5 Kxe5 49. Kf3 Kd6 50. Kf4 1-0

[Event "Frankfurt Ch 2012"]
[Site "Ffm-Kalbach, LAZ"]
[Date "2012.05.21"]
[Round "4.5"]
[White "Holvason, Juri"]
[Black "Gohil, Harry"]
[Result "1-0"]
[WhiteElo "2125"]
[BlackElo "2298"]
[PlyCount "53"]
[EventDate "2012.??.??"]
[WhiteTeam "SC Brett vor'm Kopp Ffm"]
[BlackTeam "TSV Schott Mainz"]

1. e4 c5 2. Nf3 Nc6 3. Bb5 g6 4. O-O Bg7 5. c3 Qb6 6. Na3 Nf6 7. e5 Nd5 8. Bc4
e6 9. Bxd5 exd5 10. d4 cxd4 11. cxd4 O-O 12. Nc2 d6 13. exd6 Bf5 14. Bg5 Qxb2
15. Ne3 Be4 16. Re1 Nxd4 17. Nxd4 Bxd4 18. Rc1 f6 19. Bh6 Rfd8 20. f3 Bf5 21.
Kh1 Rxd6 22. Nxf5 gxf5 23. Re7 Rc6 24. Rb1 Qf2 25. Rg7+ Kf8 26. Rxh7+ Ke8 27.
Rbxb7 {ZÜ} 1-0

[Event "Frankfurt Ch 2012"]
[Site "Ffm-Kalbach, LAZ"]
[Date "2012.05.21"]
[Round "4.6"]
[White "Goreacinic, Dmitri"]
[Black "Holzschuh, Gerald"]
[Result "1-0"]
[WhiteElo "2231"]
[BlackElo "2007"]
[PlyCount "72"]
[EventDate "2012.??.??"]
[WhiteTeam "VSG 1880 Offenbach"]
[BlackTeam "SC Bad Nauheim"]

1. d4 Nf6 2. c4 c5 3. d5 e6 4. Nc3 exd5 5. cxd5 d6 6. e4 g6 7. h3 Bg7 8. Nf3
O-O 9. Bd3 a6 10. a4 Re8 11. O-O h6 12. Re1 Nbd7 13. Bf4 Nf8 14. Bh2 g5 15. e5
dxe5 16. Nxe5 N6d7 17. Nc4 Rxe1+ 18. Qxe1 Nb6 19. Nd6 Bd4 20. a5 Nbd7 21. Nf5
h5 22. d6 Nf6 23. Nxd4 cxd4 24. Na4 Bd7 25. Nc5 g4 26. Qe5 N8h7 27. h4 Bc6 28.
Qxd4 Nd7 29. Nxd7 Bxd7 30. Qe4 Nf8 31. Qxb7 Rc8 32. Bg3 Ng6 33. Bxg6 fxg6 34.
Qd5+ Kg7 35. Be5+ Kf8 36. Bf4 Bc6 1-0

[Event "Frankfurt Ch 2012"]
[Site "Ffm-Kalbach, LAZ"]
[Date "2012.05.21"]
[Round "4.7"]
[White "Kabir, Rezaul"]
[Black "Brüggemann, Ludger"]
[Result "0-1"]
[WhiteElo "2043"]
[BlackElo "2190"]
[PlyCount "90"]
[EventDate "2012.??.??"]
[WhiteTeam "Sfr. Frankfurt 1921"]
[BlackTeam "Sabt Frankfurter TV 1860"]

1. e4 c5 2. Nf3 Nc6 3. d4 cxd4 4. Nxd4 Nf6 5. Nc3 d6 6. Nxc6 bxc6 7. Bd3 e5 8.
O-O Be7 9. Kh1 O-O 10. f4 exf4 11. Bxf4 Be6 12. Qf3 Ng4 13. e5 dxe5 14. Qe4 f5
15. Qxc6 Qc8 16. Qxc8 Raxc8 17. Rae1 Bc5 18. Nd1 e4 19. Ba6 Rc6 20. Bb5 Rb6 21.
a4 h6 22. Bc7 Rb7 23. h3 Rxc7 24. hxg4 f4 25. Rxe4 Bxg4 26. Nf2 Bh5 27. Nd3 f3
28. Re5 Bd4 29. Rxh5 fxg2+ 30. Kxg2 Rxc2+ 31. Nf2 Rfxf2+ 32. Rxf2 Rxf2+ 33. Kg3
Rxb2 34. Kf3 Rb4 35. Ke4 g6 36. Rh1 Bf6+ 37. Kd5 Rd4+ 38. Kc6 a6 39. Rxh6 axb5
40. axb5 Kg7 41. Rh1 Rc4+ 42. Kd5 Rb4 43. Kc6 Bd4 44. Rd1 g5 45. b6 Bxb6 0-1

[Event "Frankfurt Ch 2012"]
[Site "Ffm-Kalbach, LAZ"]
[Date "2012.05.21"]
[Round "4.8"]
[White "Penzel, Nils"]
[Black "Minor, Samuel"]
[Result "1-0"]
[WhiteElo "2007"]
[BlackElo "2177"]
[PlyCount "71"]
[EventDate "2012.??.??"]
[WhiteTeam "SSg Rödermark/Eppertshausen"]
[BlackTeam "Wiesbadener SV 1885"]

1. d4 Nf6 2. Nf3 e6 3. c4 Bb4+ 4. Bd2 Qe7 5. g3 Nc6 6. Bg2 Bxd2+ 7. Nbxd2 O-O
8. O-O d6 9. Qc2 e5 10. e3 Bg4 11. d5 Nb8 12. Rfc1 a5 13. c5 Na6 14. cxd6 cxd6
15. Nc4 Nb4 16. Qb3 e4 17. Nfd2 Nd3 18. Rc2 Nc5 19. Qa3 Nxd5 20. Nxd6 Nb4 21.
Rxc5 Qxd6 22. Nxe4 Qg6 23. Rg5 Qh6 24. Rc1 Rac8 25. Rgc5 Rxc5 26. Nxc5 b6 27.
Nd3 Qd6 28. Nxb4 axb4 29. Qa4 g6 30. h3 Bd7 31. Rd1 Bxa4 32. Rxd6 Rc8 33. Rxb6
Rc1+ 34. Kh2 Ra1 35. Bd5 Rd1 36. e4 1-0

[Event "Frankfurt Ch 2012"]
[Site "Ffm-Kalbach, LAZ"]
[Date "2012.05.21"]
[Round "4.9"]
[White "Rosa, Mike"]
[Black "Partzsch, Lukas"]
[Result "1/2-1/2"]
[WhiteElo "2041"]
[BlackElo "2122"]
[PlyCount "88"]
[EventDate "2012.??.??"]
[WhiteTeam "SC 1961 König Nied"]
[BlackTeam "SC Matt im Park Ffm"]

1. d4 Nf6 2. c4 d6 3. Nc3 e5 4. e4 exd4 5. Qxd4 Nc6 6. Qd1 g6 7. Nf3 Bg7 8. h3
O-O 9. Bd3 Ne5 10. Nxe5 dxe5 11. O-O c6 12. Be3 Qc7 13. Qe2 Nd7 14. c5 Re8 15.
b4 Nf8 16. f4 exf4 17. Bxf4 Be5 18. Bxe5 Qxe5 19. Bc4 Be6 20. Bxe6 Nxe6 21. Qc4
Qd4+ 22. Qxd4 Nxd4 23. a4 Rad8 24. Rab1 Ne6 25. e5 Rd4 26. Rfe1 Kg7 27. Ne4 Re7
28. Nd6 a5 29. bxa5 Nxc5 30. Rec1 Rd5 31. Nc8 Rc7 32. Nb6 Rxe5 33. Nc4 Re6 34.
Nb6 Ne4 35. Rb4 Ree7 36. Rbc4 Nd6 37. R4c2 Re5 38. a6 bxa6 39. Rxc6 Re1+ 40.
Rxe1 Rxc6 41. Rb1 Ne4 42. Nd5 Nc3 43. Nxc3 Rxc3 44. Rb6 Ra3 1/2-1/2

[Event "Frankfurt Ch 2012"]
[Site "Ffm-Kalbach, LAZ"]
[Date "2012.05.21"]
[Round "4.10"]
[White "Marzahn, Heiko"]
[Black "Sandten, Ulrich"]
[Result "1/2-1/2"]
[WhiteElo "2000"]
[BlackElo "2095"]
[PlyCount "113"]
[EventDate "2012.??.??"]
[WhiteTeam "Sfr.Erbach"]
[BlackTeam "SF Vonkeln 1931"]

1. d4 d5 2. Bf4 Nc6 3. e3 f6 4. Bb5 e6 5. Nf3 Bd6 6. c4 a6 7. Bxc6+ bxc6 8. c5
Be7 9. Qa4 Bd7 10. Qa5 Ra7 11. Nc3 h5 12. h4 Nh6 13. O-O-O Ng4 14. Bg3 Qb8 15.
Rd2 Qb7 16. Re1 Kf7 17. Rde2 Rb8 18. Bf4 Bd8 19. Qa4 Qb4 20. Qc2 Rab7 21. Rd1
g6 22. Ne1 e5 23. Nd3 Qa5 24. dxe5 Bf5 25. e6+ Kg7 26. Qa4 Qxa4 27. Nxa4 Bxe6
28. Nc3 Be7 29. a3 Nh6 30. Nb4 Rxb4 31. axb4 Rxb4 32. Bxc7 Bxc5 33. Rc2 Bf5 34.
e4 dxe4 35. Nxe4 Bd4 36. f3 c5 37. Re2 Nf7 38. Ba5 Rc4+ 39. Rc2 Ra4 40. Bc3
Be3+ 41. Kb1 Bxe4 42. fxe4 Rxe4 43. Re1 Ne5 44. Rce2 Ng4 45. Kc2 c4 46. Bd2
Bxd2 47. Rxe4 Bxe1 48. Rxe1 Kf7 49. Kc3 Ne5 50. Ra1 Ke6 51. Rxa6+ Kf5 52. Kd4
Ng4 53. g3 Ne5 54. Rd6 g5 55. hxg5 Kxg5 56. Ke4 Nd3 57. Rb6 1/2-1/2

[Event "Frankfurt Ch 2012"]
[Site "Ffm-Kalbach, LAZ"]
[Date "2012.05.21"]
[Round "4.11"]
[White "Busic, Nedjeljko"]
[Black "Kayser, Felix"]
[Result "0-1"]
[WhiteElo "1883"]
[BlackElo "2251"]
[PlyCount "88"]
[EventDate "2012.??.??"]
[WhiteTeam "SC Bad Nauheim"]
[BlackTeam "Wiesbadener SV 1885"]

1. e4 c5 2. Nf3 g6 3. d4 cxd4 4. Qxd4 Nf6 5. Nc3 Nc6 6. Qa4 d6 7. e5 dxe5 8.
Nxe5 Bd7 9. Nxd7 Qxd7 10. Bb5 Bg7 11. O-O O-O 12. Bg5 Qf5 13. Bxf6 Bxf6 14. Bd3
Qh5 15. Be2 Qh6 16. Rad1 Bxc3 17. bxc3 Rfd8 18. Qb5 Qg7 19. Qxb7 Qxc3 20. Rxd8+
Rxd8 21. Bb5 Nd4 22. Qxe7 Rd5 23. Be8 Rf5 24. Bd7 Re5 25. Qd8+ Kg7 26. Bg4 h5
27. Bd1 Qd2 28. Kh1 Re1 29. Qxd4+ Qxd4 30. Rxe1 Qxf2 31. Rg1 Kf6 32. a4 Ke5 33.
Bf3 Qxc2 34. a5 Qa2 35. Rd1 Qxa5 36. h3 Qc5 37. Be2 a5 38. Rb1 Kf4 39. Rb3 f5
40. Rf3+ Kg5 41. Rg3+ Kh6 42. Rb3 a4 43. Rb5 Qc1+ 44. Kh2 a3 0-1

[Event "Frankfurt Ch 2012"]
[Site "Ffm-Kalbach, LAZ"]
[Date "2012.05.21"]
[Round "4.12"]
[White "Prenzler, Daniel"]
[Black "Wagner, Dirk"]
[Result "1-0"]
[WhiteElo "2154"]
[BlackElo "1922"]
[PlyCount "45"]
[EventDate "2012.??.??"]
[WhiteTeam "SC 1961 König Nied"]
[BlackTeam "SC Matt im Park Ffm"]

1. e4 e5 2. Bc4 Nf6 3. Nc3 Bc5 4. d3 Nc6 5. Nge2 Na5 6. O-O Nxc4 7. dxc4 h6 8.
Ng3 d6 9. Qd3 a6 10. Nd5 Nxd5 11. cxd5 Qh4 12. Kh1 g5 13. Be3 b6 14. a3 a5 15.
Bxc5 bxc5 16. b4 axb4 17. axb4 Rxa1 18. Rxa1 O-O 19. bxc5 Qf4 20. cxd6 cxd6 21.
Qa3 Rd8 22. Qa7 Qg4 23. Qe7 1-0

[Event "Frankfurt Ch 2012"]
[Site "Ffm-Kalbach, LAZ"]
[Date "2012.05.21"]
[Round "4.13"]
[White "Faqiry, Ramat"]
[Black "Chandler, Patrick"]
[Result "0-1"]
[WhiteElo "1908"]
[BlackElo "2143"]
[PlyCount "154"]
[EventDate "2012.??.??"]
[WhiteTeam "SK Bad Homburg 1927"]
[BlackTeam "Sfr. Neuberg"]

1. Nf3 d5 2. d4 c6 3. c4 e6 4. Qb3 Nf6 5. Nc3 Nbd7 6. g3 Be7 7. Bg2 O-O 8. O-O
a6 9. cxd5 exd5 10. Qc2 Re8 11. Bf4 Nf8 12. Rad1 Ng6 13. Bg5 Be6 14. Nh4 Nd7
15. Bxe7 Qxe7 16. Nxg6 hxg6 17. e4 dxe4 18. Bxe4 Nf6 19. Bg2 Rad8 20. Rfe1 Qd7
21. Na4 Bg4 22. Rxe8+ Qxe8 23. f3 Bf5 24. Qf2 Qf8 25. g4 Bc8 26. Nc5 Nd5 27.
Nd3 f6 28. h3 Qd6 29. f4 Nc7 30. Nc5 b6 31. Ne4 Qb4 32. a3 Qb3 33. Nc3 Bb7 34.
Be4 Qf7 35. Qc2 f5 36. gxf5 gxf5 37. Bf3 Ne6 38. Ne2 Nc7 39. Nc3 Rd6 40. Kh2
Rh6 41. Rg1 Ne6 42. Ne2 Kh7 43. Qd2 Nc7 44. Nc3 Rd6 45. Qe3 Ne6 46. Ne2 Qd7 47.
Rc1 Nf8 48. Qf2 Qe7 49. Ng3 Qh4 50. Qd2 Rh6 51. Bg2 Bc8 52. Re1 Ng6 53. Rf1 Be6
54. Qe3 Bd7 55. b4 Ne7 56. Qe5 Re6 57. Qc7 Be8 58. Qxb6 Re3 59. Rf3 Rxf3 60.
Bxf3 Qxf4 61. Bg2 Qf2 62. Nh1 Qe3 63. Qxa6 Qxd4 64. Qe2 Qd6+ 65. Ng3 f4 66.
Qc2+ Bg6 67. Ne4 Qc7 68. Kh1 Nf5 69. Ng5+ Kh6 70. Ne4 Ng3+ 71. Kg1 Qe5 72. Qxc6
Nxe4 73. b5 Qd4+ 74. Kh2 Qf2 75. Qc7 Ng5 76. Kh1 f3 77. Qxg7+ Kxg7 0-1

[Event "Frankfurt Ch 2012"]
[Site "Ffm-Kalbach, LAZ"]
[Date "2012.05.21"]
[Round "4.14"]
[White "Meyer, Kai-Christian"]
[Black "Göbel, Andreas"]
[Result "0-1"]
[WhiteElo "2139"]
[BlackElo "1895"]
[PlyCount "84"]
[EventDate "2012.??.??"]
[WhiteTeam "Sfr. Schöneck"]
[BlackTeam "SC Brett vor'm Kopp Ffm"]

1. d4 Nf6 2. Bg5 d5 3. Bxf6 exf6 4. e3 Be6 5. g3 c6 6. Bg2 f5 7. Ne2 Bd6 8. Qd3
Nd7 9. Nd2 b5 10. O-O O-O 11. f3 Nb6 12. b3 g6 13. e4 Qd7 14. e5 Be7 15. h4 h5
16. Kh2 Kg7 17. Nf4 a6 18. Qe3 Rac8 19. Nd3 c5 20. dxc5 d4 21. Qf2 Bxc5 22. b4
Be7 23. Nb3 Rfd8 24. Ndc5 Bxc5 25. Nxc5 Qc7 26. f4 Nc4 27. a4 Ne3 28. Qd2 Nxf1+
29. Bxf1 Bc4 30. Bg2 Qb6 31. a5 Qa7 32. Rd1 Rxc5 33. bxc5 Qxc5 34. c3 d3 35.
Rb1 Qc7 36. Rd1 Rd7 37. Bf3 Qc5 38. Re1 Kf8 39. Re3 Qc7 40. e6 fxe6 41. Re5 Kf7
42. Qe3 Qxa5 0-1

[Event "Frankfurt Ch 2012"]
[Site "Ffm-Kalbach, LAZ"]
[Date "2012.05.21"]
[Round "4.15"]
[White "Schmitt, Roland"]
[Black "Röschlau, Bernd"]
[Result "0-1"]
[WhiteElo "1878"]
[BlackElo "2129"]
[PlyCount "55"]
[EventDate "2012.??.??"]
[WhiteTeam "SK Großsachsen"]
[BlackTeam "SC Brett vor'm Kopp Ffm"]

1. e4 c5 2. Nf3 d6 3. d4 cxd4 4. Nxd4 Nf6 5. Nc3 a6 6. Bg5 e6 7. f4 b5 8. e5
dxe5 9. fxe5 Qc7 10. exf6 Qe5+ 11. Be2 Qxg5 12. O-O Qe5 13. Qd3 Bc5 14. Rad1
Nc6 15. Bf3 Nxd4 16. Kh1 Ra7 17. Rde1 Qxf6 18. Bc6+ Nxc6 19. Rxf6 gxf6 20. Qg3
Rd7 21. Ne4 Be7 22. Qg7 Rf8 23. Qxh7 Bb7 24. h4 f5 25. Ng5 Bxg5 26. hxg5 Ne7
27. Qh2 Ng6 28. Qg3 0-1

[Event "Frankfurt Ch 2012"]
[Site "Ffm-Kalbach, LAZ"]
[Date "2012.05.21"]
[Round "4.16"]
[White "Reschke, Thomas"]
[Black "Lebermann, Hellmuth"]
[Result "1-0"]
[WhiteElo "2118"]
[BlackElo "1862"]
[PlyCount "47"]
[EventDate "2012.??.??"]
[WhiteTeam "SC Frankfurt-West"]
[BlackTeam "SK Bad Homburg 1927"]

1. c4 Nf6 2. g3 g6 3. Bg2 Bg7 4. Nc3 O-O 5. e4 d6 6. Nge2 c6 7. O-O Qc7 8. d3
a5 9. h3 Ne8 10. Be3 f5 11. Qd2 e5 12. Rad1 Na6 13. d4 c5 14. Nd5 Qb8 15. dxe5
dxe5 16. Qxa5 Nd6 17. Bxc5 Nxc4 18. Qb5 Nxc5 19. Qxc4 Ne6 20. exf5 gxf5 21. Nb6
Ra7 22. Nd7 Bxd7 23. Rxd7 Re8 24. Bd5 1-0

[Event "Frankfurt Ch 2012"]
[Site "Ffm-Kalbach, LAZ"]
[Date "2012.05.21"]
[Round "4.17"]
[White "Ostermeier, Thorsten"]
[Black "Rondonuwu, Grover"]
[Result "1-0"]
[WhiteElo "1849"]
[BlackElo "2042"]
[PlyCount "103"]
[EventDate "2012.??.??"]
[WhiteTeam "Sfr. Frankfurt 1921"]
[BlackTeam "Sabt Frankfurter TV 1860"]

1. d4 d5 2. Nf3 Nf6 3. e3 c6 4. c4 a6 5. Nc3 b5 6. cxd5 cxd5 7. Ne5 e6 8. Bd3
Be7 9. O-O Bb7 10. Bd2 Nbd7 11. Nxd7 Qxd7 12. Qe2 b4 13. Nd1 O-O 14. f3 Rfc8
15. Be1 Ne8 16. Bg3 Bd6 17. Nf2 Bxg3 18. hxg3 Nf6 19. g4 Qd6 20. Rfc1 g6 21. g5
Nd7 22. f4 f5 23. gxf6 Nxf6 24. g4 a5 25. g5 Ne4 26. Bxe4 dxe4 27. Ng4 Rc7 28.
Qh2 Rac8 29. Rxc7 Qxc7 30. Rf1 Bd5 31. b3 Qg7 32. Rf2 Rc1+ 33. Kg2 Qc7 34. Kg3
Rc3 35. Qh6 Qg7 36. Qh4 Rc1 37. Rh2 Rg1+ 38. Kf2 Ra1 39. Kg3 Rg1+ 40. Rg2 Rc1
41. Nf6+ Kf7 42. Qh3 Ke7 43. Nxh7 Rc3 44. Kf2 Rc2+ 45. Kg1 Rc1+ 46. Kf2 Kd6 47.
Nf6 Qb7 48. Qh8 Rc8 49. Qh6 Qb5 50. Kg3 Qf1 51. Qg7 Rc1 52. Qd7# 1-0

[Event "Frankfurt Ch 2012"]
[Site "Ffm-Kalbach, LAZ"]
[Date "2012.05.21"]
[Round "4.18"]
[White "Calvi, Stefan"]
[Black "Rennhack, Peer"]
[Result "1-0"]
[WhiteElo "2005"]
[BlackElo "1820"]
[PlyCount "63"]
[EventDate "2012.??.??"]
[WhiteTeam "Sfr. Frankfurt 1921"]
[BlackTeam "Sabt Frankfurter TV 1860"]

1. e4 Nf6 2. e5 Nd5 3. Nc3 Nxc3 4. dxc3 d5 5. Nf3 c5 6. Bf4 Bg4 7. h3 Bh5 8.
Bb5+ Nc6 9. g4 Bg6 10. e6 fxe6 11. Ne5 Qb6 12. Qe2 Bf7 13. O-O-O a6 14. Ba4 Bg8
15. Kb1 O-O-O 16. Nxc6 bxc6 17. Be5 h5 18. Rhg1 Bf7 19. c4 hxg4 20. hxg4 Rh3
21. Bg3 g6 22. Rd3 dxc4 23. Rxd8+ Qxd8 24. Qxc4 Kb7 25. Qxc5 Qb6 26. Qe5 Qd8
27. Qc3 Qc8 28. Qb4+ Ka8 29. Qb6 Be8 30. Rd1 Bg7 31. a3 Bd7 32. Rxd7 1-0

[Event "Frankfurt Ch 2012"]
[Site "Ffm-Kalbach, LAZ"]
[Date "2012.05.21"]
[Round "4.19"]
[White "Fröhlich-Dill, Astrid"]
[Black "Krzesinski, Paul"]
[Result "1-0"]
[WhiteElo "1825"]
[BlackElo "1997"]
[PlyCount "120"]
[EventDate "2012.??.??"]
[WhiteTeam "SV 1920 Hofheim"]
[BlackTeam "Sabt Frankfurter TV 1860"]

1. d4 Nf6 2. c4 g6 3. Nc3 Bg7 4. e4 d6 5. f3 O-O 6. Be3 c5 7. d5 Nbd7 8. Qd2 a6
9. Bd3 Ne5 10. Nge2 Qa5 11. O-O Bd7 12. h3 b5 13. f4 Nxd3 14. Qxd3 bxc4 15. Qd2
Rab8 16. f5 Rb4 17. Bh6 Rfb8 18. Bxg7 Kxg7 19. fxg6 Rxb2 20. Qf4 hxg6 21. e5
dxe5 22. Qxe5 Qb6 23. Nd1 Rd2 24. Nf4 Rd4 25. Qxe7 Rxf4 26. Rxf4 Re8 27. Qxf6+
Qxf6 28. Rxf6 Kxf6 29. Nc3 Re3 30. Rc1 Ke5 31. Kf2 Rd3 32. Re1+ Kd6 33. Rc1 f5
34. Ne2 Rxd5 35. Rxc4 Rd2 36. a4 Ra2 37. Ke3 Rxa4 38. Rc1 Re4+ 39. Kf2 Bb5 40.
Ng3 Rd4 41. Rc2 a5 42. Ra2 a4 43. Ra1 Rd3 44. Nf1 a3 45. g3 Bc6 46. Ne3 Bd5 47.
Ke2 Rb3 48. Rd1 Rb2+ 49. Ke1 a2 50. Nc4+ Kc6 51. Nxb2 Kb5 52. Kd2 Be4 53. Ra1
Bb1 54. Nd1 Kc4 55. Nc3 Kb3 56. Nxb1 Kb2 57. Rxa2+ Kxa2 58. Kc2 g5 59. Nd2 Ka3
60. Kc3 Ka2 1-0

[Event "Frankfurt Ch 2012"]
[Site "Ffm-Kalbach, LAZ"]
[Date "2012.05.21"]
[Round "4.20"]
[White "Neumann, Manfred"]
[Black "Richter, Tobias"]
[Result "0-1"]
[WhiteElo "1798"]
[BlackElo "1992"]
[PlyCount "74"]
[EventDate "2012.??.??"]
[WhiteTeam "SC 1961 König Nied"]
[BlackTeam "SV Merseburg e. V."]

1. d4 g6 2. c4 Bg7 3. Nc3 d6 4. e4 Nc6 5. Be3 e5 6. Nge2 Nh6 7. h3 f5 8. dxe5
Nxe5 9. Nf4 O-O 10. Be2 Kh8 11. O-O Qh4 12. g3 Qd8 13. Nfd5 c6 14. Nf4 g5 15.
Nh5 f4 16. Nxg7 fxe3 17. Nf5 Nxf5 18. exf5 exf2+ 19. Rxf2 Bxf5 20. Kh2 Be6 21.
Rxf8+ Qxf8 22. Qd4 Qf5 23. g4 Qf4+ 24. Qxf4 gxf4 25. b3 f3 26. Bf1 Rf8 27. Rd1
f2 28. Rxd6 Bxg4 29. hxg4 Nxg4+ 30. Kg3 Ne3 31. Bh3 Nf5+ 32. Kxf2 Nxd6+ 33. Ke3
Kg7 34. c5 Nf5+ 35. Ke4 Kg6 36. b4 Kg5 37. a4 Re8+ 0-1

[Event "Frankfurt Ch 2012"]
[Site "Ffm-Kalbach, LAZ"]
[Date "2012.05.21"]
[Round "4.21"]
[White "Kuhn, Gerhard"]
[Black "Barisch, Florian"]
[Result "1-0"]
[WhiteElo "1949"]
[BlackElo "1800"]
[PlyCount "115"]
[EventDate "2012.??.??"]
[WhiteTeam "SK Marburg 1931/72"]
[BlackTeam "SV 1934 Ffm-Griesheim"]

1. e4 c5 2. c3 g6 3. d4 cxd4 4. cxd4 d5 5. exd5 Nf6 6. Nc3 Bg7 7. Bb5+ Bd7 8.
Qb3 O-O 9. Nf3 Qb6 10. O-O Bxb5 11. Nxb5 a6 12. Nc3 Qxb3 13. axb3 Nbd7 14. Re1
Rfe8 15. Bf4 Nb6 16. d6 exd6 17. Bxd6 Nfd5 18. Kf1 Rac8 19. Rxe8+ Rxe8 20. Re1
Rd8 21. Bc5 Bf8 22. Re5 Bg7 23. Bxb6 Nxb6 24. Re7 Rd7 25. Rxd7 Nxd7 26. Ke2 Nb6
27. Kd3 Kf8 28. g3 Ke7 29. Na4 Nxa4 30. bxa4 Kd6 31. Kc4 f5 32. a5 Bf6 33. Ne1
Bd8 34. b4 b5+ 35. axb6 Bxb6 36. Nd3 a5 37. bxa5 Bxa5 38. f3 Bd2 39. h3 Be3 40.
g4 fxg4 41. fxg4 h5 42. Ne5 hxg4 43. hxg4 g5 44. Nf7+ Ke6 45. Nh6 Bf4 46. Nf5
Bh2 47. Kc5 Bg1 48. Kc6 Bh2 49. d5+ Kf7 50. d6 Ke8 51. d7+ Kd8 52. Nd4 Ke7 53.
Ne6 Kxe6 54. d8=Q Bf4 55. Qe8+ Kf6 56. Kd5 Kg7 57. Ke6 Bd2 58. Qd7+ 1-0

[Event "Frankfurt Ch 2012"]
[Site "Ffm-Kalbach, LAZ"]
[Date "2012.05.21"]
[Round "4.22"]
[White "Bastian, Holger"]
[Black "Tierling, Detlef"]
[Result "0-1"]
[WhiteElo "1690"]
[BlackElo "1942"]
[PlyCount "120"]
[EventDate "2012.??.??"]
[WhiteTeam "Aschaffenburg- Schweinheim e.V."]
[BlackTeam "SC Groß-Umstadt"]

1. e4 g6 2. Nf3 Bg7 3. g3 d6 4. Bg2 c6 5. O-O e5 6. d3 Nd7 7. Nbd2 Qc7 8. a4
Ngf6 9. b3 Nf8 10. Nc4 h6 11. Ba3 c5 12. c3 Be6 13. Nfd2 g5 14. d4 Rd8 15. dxe5
dxe5 16. Qe2 Ng6 17. Ne3 O-O 18. c4 a5 19. Nd5 Bxd5 20. cxd5 Ne8 21. Nc4 Nd6
22. Bh3 b6 23. Rad1 Ne7 24. Bb2 Nxc4 25. bxc4 Rd6 26. Kh1 Re8 27. f4 gxf4 28.
gxf4 Ng6 29. Qg4 exf4 30. Bxg7 Kxg7 31. Rxf4 Kh7 32. Qf5 Kg7 33. Rg1 Qe7 34.
Qh5 Qe5 35. Qf3 Rf6 36. Bf5 Kf8 37. Rfg4 Ne7 38. Qh3 Nxf5 39. exf5 Ke7 40. Qh4
Kd6 41. Rb1 Kc7 42. Rf1 Rxf5 43. d6+ Kd7 44. Rd1 h5 45. Rg2 Qe4 46. Qh3 Re6 47.
Kg1 Qe3+ 48. Qxe3 Rxe3 49. Rb2 Re4 50. Rxb6 Rg4+ 51. Kh1 Rd4 52. Rdb1 Rxd6 53.
Rb7+ Ke6 54. Re1+ Kf6 55. Rb5 Ra6 56. Rd1 Rg5 57. Rd7 Re6 58. Rd1 Re4 59. Rf1+
Kg7 60. Rxa5 Rxc4 0-1

[Event "Frankfurt Ch 2012"]
[Site "Ffm-Kalbach, LAZ"]
[Date "2012.05.21"]
[Round "4.23"]
[White "Mager, Denis"]
[Black "Genis, Roy"]
[Result "1-0"]
[WhiteElo "1924"]
[BlackElo "1730"]
[PlyCount "93"]
[EventDate "2012.??.??"]
[WhiteTeam "SAbt TuS Makkabi Ffm"]
[BlackTeam "Sfr. Frankfurt 1921"]

1. d4 d5 2. c4 c6 3. e3 Nf6 4. Nf3 e6 5. Nbd2 Bd6 6. b3 Nbd7 7. Bb2 O-O 8. Bd3
Qe7 9. Ne5 Ba3 10. Bxa3 Qxa3 11. f4 c5 12. O-O cxd4 13. exd4 Qb2 14. Ndf3 Ne4
15. Bxe4 dxe4 16. Rf2 Qa3 17. Nxd7 Bxd7 18. Ne5 Rad8 19. Qe1 f5 20. Rd1 Bc6 21.
Qe3 a6 22. Rfd2 Qa5 23. h3 Rd6 24. g4 Qd8 25. gxf5 exf5 26. d5 Be8 27. c5 Rh6
28. Rg2 Bh5 29. Rdd2 Qh4 30. d6 Bf3 31. Nxf3 exf3 32. Qxf3 Qxh3 33. Qxh3 Rxh3
34. Rge2 Rd8 35. Re7 Rc3 36. Rc7 b6 37. cxb6 Re3 38. d7 Re7 39. b7 Kf7 40. Rc8
Rexd7 41. Rxd7+ Rxd7 42. b8=Q Rd1+ 43. Kf2 Rd2+ 44. Ke3 Rxa2 45. Qb6 h6 46.
Rc7+ Kg8 47. Qg6 1-0

[Event "Frankfurt Ch 2012"]
[Site "Ffm-Kalbach, LAZ"]
[Date "2012.05.21"]
[Round "4.24"]
[White "Geipert, Wilfried"]
[Black "Hierling, Stefan"]
[Result "0-1"]
[WhiteElo "1689"]
[BlackElo "1954"]
[PlyCount "73"]
[EventDate "2012.??.??"]
[WhiteTeam "SC Brett vor'm Kopp Ffm"]
[BlackTeam "VSG 1880 Offenbach"]

1. d4 d5 2. c4 c6 3. Nf3 Nf6 4. Nc3 h6 5. Bf4 Nbd7 6. Qb3 dxc4 7. Qxc4 Nb6 8.
Qb3 Be6 9. Qc2 Nbd5 10. Bd2 Nxc3 11. bxc3 Bc4 12. Ne5 Ba6 13. f3 e6 14. e4 Bxf1
15. Kxf1 Be7 16. g3 O-O 17. Rb1 Qc8 18. Qb2 b6 19. Kg2 Bd6 20. Nd3 Qa6 21. Nf2
Bc7 22. Rhd1 Rab8 23. Be3 b5 24. Nd3 Qc8 25. Qc2 Nd7 26. c4 a5 27. cxb5 cxb5
28. Rdc1 Bd6 29. Qd2 Qa6 30. e5 Ba3 31. Rc7 Nb6 32. Rc3 Nc4 33. Qf2 Rfc8 34.
Kh1 Be7 35. Nb2 Bb4 36. Rd3 Rc6 37. Rc1 {Rest unleserlich!} 0-1